|
|
|
|
| LEADER |
02815nam a22004813i 4500 |
| 001 |
EBC6629016 |
| 003 |
MiAaPQ |
| 005 |
20231204023216.0 |
| 006 |
m o d | |
| 007 |
cr cnu|||||||| |
| 008 |
231204s2021 xx o ||||0 eng d |
| 020 |
|
|
|a 9789811609725
|q (electronic bk.)
|
| 020 |
|
|
|z 9789811609718
|
| 035 |
|
|
|a (MiAaPQ)EBC6629016
|
| 035 |
|
|
|a (Au-PeEL)EBL6629016
|
| 035 |
|
|
|a (OCoLC)1253478344
|
| 040 |
|
|
|a MiAaPQ
|b eng
|e rda
|e pn
|c MiAaPQ
|d MiAaPQ
|
| 050 |
|
4 |
|a QE1-996.5
|
| 100 |
1 |
|
|a Qi, Fanyu.
|
| 245 |
1 |
0 |
|a Atlas of Mineral Deposits Distribution in China (2020).
|
| 250 |
|
|
|a 1st ed.
|
| 264 |
|
1 |
|a Singapore :
|b Springer Singapore Pte. Limited,
|c 2021.
|
| 264 |
|
4 |
|c Ã2021.
|
| 300 |
|
|
|a 1 online resource (99 pages)
|
| 336 |
|
|
|a text
|b txt
|2 rdacontent
|
| 337 |
|
|
|a computer
|b c
|2 rdamedia
|
| 338 |
|
|
|a online resource
|b cr
|2 rdacarrier
|
| 490 |
1 |
|
|a The China Geological Survey Series
|
| 505 |
0 |
|
|a Intro -- Foreword -- Contents -- 1 Introduction to the National Mineral Deposit Database of China (2020) -- 1.1 Background -- 1.2 Method -- 2 Achievements Made in the Building of the National Mineral Deposit Database of China (2020) -- 2.1 Achievements in Data Convergence -- 2.2 Achievements in Data Mining -- 3 Significance of the Building of National Mineral Deposit Database of China (2020) -- 3.1 Providing Data for Smart Mineral Geological Survey of the China Geological Survey -- 3.2 More Efficiently Managing Mineral Resource Data of China -- 3.3 Improving the Up-to-Dateness of the Mineral Resource Data of China -- 3.4 Providing Comprehensive Data for Prospecting Prediction, Scientific Research, and Mineral Geological Survey -- 3.5 A Typical Case of Building a Database Using Big Data Mining Technology Based on Geologic Data Holdings of NGAC -- 3.6 Providing Convenient Data Query and Retrieval Services for Users with Online Service Platform -- 4 Maps of Mineral Deposits Distribution by Provinces in China.
|
| 588 |
|
|
|a Description based on publisher supplied metadata and other sources.
|
| 590 |
|
|
|a Electronic reproduction. Ann Arbor, Michigan : ProQuest Ebook Central, 2023. Available via World Wide Web. Access may be limited to ProQuest Ebook Central affiliated libraries.
|
| 655 |
|
4 |
|a Electronic books.
|
| 700 |
1 |
|
|a Li, Xiaolei.
|
| 700 |
1 |
|
|a Shang, Yuntao.
|
| 700 |
1 |
|
|a Meng, Jie.
|
| 700 |
1 |
|
|a Gao, Xuezheng.
|
| 700 |
1 |
|
|a Kong, Zhaoyu.
|
| 700 |
1 |
|
|a Li, Haixin.
|
| 700 |
1 |
|
|a Yan, Haifei.
|
| 776 |
0 |
8 |
|i Print version:
|a Qi, Fanyu
|t Atlas of Mineral Deposits Distribution in China (2020)
|d Singapore : Springer Singapore Pte. Limited,c2021
|z 9789811609718
|
| 797 |
2 |
|
|a ProQuest (Firm)
|
| 830 |
|
4 |
|a The China Geological Survey Series
|
| 856 |
4 |
0 |
|u https://ebookcentral.proquest.com/lib/matrademy/detail.action?docID=6629016
|z Click to View
|